000 00726nam a22001935i 4500
001 48413
003 ES-MaACL
005 20230906161740.0
007 t|
008 950718s1877 fr ||||1| fre d
040 _aCAM
_bspa
_cCAM
245 0 3 _aLe débat des hérauts d'armes de France et d'Anglaterre suivi de The debate between the heralds of England and France /
_cby John Coke; édition commencée par Léopold Pannier et achevée par M. Paul Meyer.
260 _aParis :
_bLibrairie Firmin-Didot et Cie.,
_c1877 (
_ftyp. G. Chamerot)
300 _aXLIV, 217, [2] p. ;
_c24 cm.
700 1 _aCoke, John.
_939540
700 1 _aPannier, Léopold.
_988809
700 1 _aMeyer, Paul.
_980799
852 _aES-MaACL
_jG-13651
999 _c48413
_d48413